| 000 | 00809nam1a22002291i 4500 | ||
|---|---|---|---|
| 001 | rc\2879742 | ||
| 005 | 20240723185455.0 | ||
| 035 | _a(NLR Aleph) 007032645 | ||
| 090 |
_a6018533 _c6018533 |
||
| 100 | _a20110719d1927 |||y0rusy50 ca | ||
| 101 | 0 | _arus | |
| 102 | _aRU | ||
| 105 | _ay z ||||| | ||
| 200 | 1 |
_aТема для практических работ по бухгалтерии с ведением журнала и главной со вспомогательными книгами _eВып. 3- _fГ.В. Калошкин |
|
| 210 |
_aЛенинград _cавтор _d1927 |
||
| 215 | _d23 см | ||
| 300 | _aБез тит. л., описано по обл. | ||
| 700 | 1 |
_aКалошкин _bГ.В. |
|
| 801 | 0 |
_aRU _bNLR _gpsbo |
|
| 801 | 1 |
_aRU _bELAR _2rusmarc |
|
| 852 |
_aNLR _j91/1492 |
||
| 942 | _cBOOK | ||